Pokémon - Statistiques (12) - Statistiques

Statistiques générales
  • Ce quiz a été pris 23 fois
  • Le résultat moyen est 34 sur 60
Statistiques - réponses
Question Tuile Select % Correct
Quel Pokémon possède une statistique de base en Vitesse inférieure à 90 ? Non
95%
Quel Pokémon possède une statistique de base en Vitesse inférieure à 90 ? Non
95%
Quel Pokémon possède une statistique de base en Vitesse inférieure à 90 ? Non
95%
Quel Pokémon possède une statistique de base en Vitesse inférieure à 90 ? Oui
86%
Quel Pokémon possède une statistique de base en Vitesse inférieure à 90 ? Non
86%
Quels Pokémon possèdent une statistique de base en PV inférieure à 70 ? Non
86%
Quel Pokémon possède une statistique de base en Vitesse inférieure à 90 ? Non
82%
Quel Pokémon possède une statistique de base en Attaque inférieure à 110 ? Non
82%
Quel Pokémon possède une statistique de base en Attaque inférieure à 110 ? Non
73%
Quel Pokémon possède une statistique de base en Attaque inférieure à 110 ? Non
73%
Quels Pokémon possèdent une statistique de base en Défense inférieure à 80 ? Non
73%
Quels Pokémon possèdent une statistique de base en PV inférieure à 70 ? Non
68%
Quels Pokémon possèdent une statistique de base en Défense Spéciale inférieure à 60 ? Non
68%
Quels Pokémon possèdent une statistique de base en Attaque Spéciale inférieure à 120 ? Non
68%
Quels Pokémon possèdent une statistique de base en PV inférieure à 90 ? Non
68%
Quel Pokémon possède une statistique de base en Vitesse inférieure à 90 ? Non
68%
Quels Pokémon possèdent une statistique de base en PV inférieure à 70 ? Non
64%
Quel Pokémon possède une statistique de base en Attaque inférieure à 110 ? Non
64%
Quels Pokémon possèdent une statistique de base en Défense inférieure à 80 ? Non
64%
Quels Pokémon possèdent une statistique de base en PV inférieure à 90 ? Non
64%
Quels Pokémon possèdent une statistique de base en Attaque Spéciale inférieure à 130 ? Non
64%
Quel Pokémon possède une statistique de base en Vitesse inférieure à 90 ? Non
64%
Quel Pokémon possède une statistique de base en Vitesse inférieure à 90 ? Non
64%
Quel Pokémon possède une statistique de base en Attaque inférieure à 110 ? Non
59%
Quels Pokémon possèdent une statistique de base en Défense inférieure à 80 ? Non
59%
Quels Pokémon possèdent une statistique de base en PV inférieure à 90 ? Non
59%
Quels Pokémon possèdent une statistique de base en Attaque Spéciale inférieure à 130 ? Non
59%
Quel Pokémon possède une statistique de base en Défense Spéciale inférieure à 70 ? Non
59%
Quel Pokémon possède une statistique de base en Défense Spéciale inférieure à 70 ? Non
59%
Quel Pokémon possède une statistique de base en Vitesse inférieure à 90 ? Non
59%
Quel Pokémon possède une statistique de base en Attaque inférieure à 110 ? Oui
55%
Quels Pokémon possèdent une statistique de base en Défense inférieure à 80 ? Non
55%
Quels Pokémon possèdent une statistique de base en Défense Spéciale inférieure à 60 ? Oui
55%
Quels Pokémon possèdent une statistique de base en Attaque Spéciale inférieure à 120 ? Oui
55%
Quels Pokémon possèdent une statistique de base en PV inférieure à 90 ? Oui
55%
Quels Pokémon possèdent une statistique de base en Attaque Spéciale inférieure à 130 ? Non
55%
Quels Pokémon possèdent une statistique de base en PV inférieure à 70 ? Non
50%
Quels Pokémon possèdent une statistique de base en Défense Spéciale inférieure à 60 ? Non
50%
Quels Pokémon possèdent une statistique de base en Attaque Spéciale inférieure à 120 ? Oui
50%
Quels Pokémon possèdent une statistique de base en Attaque Spéciale inférieure à 130 ? Oui
50%
Quel Pokémon possède une statistique de base en Défense Spéciale inférieure à 70 ? Non
50%
Quel Pokémon possède une statistique de base en Vitesse inférieure à 90 ? Non
50%
Quels Pokémon possèdent une statistique de base en Défense inférieure à 80 ? Oui
45%
Quels Pokémon possèdent une statistique de base en Attaque Spéciale inférieure à 120 ? Oui
45%
Quels Pokémon possèdent une statistique de base en Attaque Spéciale inférieure à 130 ? Oui
45%
Quel Pokémon possède une statistique de base en Défense Spéciale inférieure à 70 ? Non
45%
Quel Pokémon possède une statistique de base en Défense Spéciale inférieure à 70 ? Non
45%
Quels Pokémon possèdent une statistique de base en PV inférieure à 90 ? Non
41%
Quels Pokémon possèdent une statistique de base en PV inférieure à 90 ? Oui
41%
Quels Pokémon possèdent une statistique de base en Attaque Spéciale inférieure à 130 ? Oui
41%
Quel Pokémon possède une statistique de base en Vitesse inférieure à 90 ? Oui
41%
Quels Pokémon possèdent une statistique de base en PV inférieure à 70 ? Oui
36%
Quels Pokémon possèdent une statistique de base en Défense Spéciale inférieure à 60 ? Oui
36%
Quels Pokémon possèdent une statistique de base en Défense inférieure à 80 ? Oui
32%
Quels Pokémon possèdent une statistique de base en Attaque Spéciale inférieure à 120 ? Oui
32%
Quels Pokémon possèdent une statistique de base en Attaque Spéciale inférieure à 120 ? Oui
32%
Quels Pokémon possèdent une statistique de base en PV inférieure à 70 ? Oui
27%
Quels Pokémon possèdent une statistique de base en Défense Spéciale inférieure à 60 ? Oui
23%
Quel Pokémon possède une statistique de base en Défense Spéciale inférieure à 70 ? Oui
23%
Quels Pokémon possèdent une statistique de base en Défense Spéciale inférieure à 60 ? Oui
18%
Aucun quiz correspondant
Distribution des résultats
% des personnes avec chaque résultat
Percentile par nombre de réponses
Votre historique - résultats
Vous n’avez pas pris ce quiz